| 000 | 00462nam a22001817a 4500 | ||
|---|---|---|---|
| 003 | CEME | ||
| 005 | 20210628205445.0 | ||
| 008 | 210316b xxu||||| |||| 00| 0 eng d | ||
| 020 | _a0-89006-702-3 | ||
| 040 | _c. | ||
| 082 | _a621.382 WEB'I | ||
| 100 |
_aWebb, William _958125 |
||
| 245 | _aIntroduction to wireless local loop | ||
| 260 |
_aLONDON _bARTECH HOUSE _c1998 |
||
| 300 | _aXV, 317P | ||
| 650 |
_aWIRELESS COMMUNICATIONS _956903 |
||
| 942 |
_cBK _2ddc |
||
| 999 |
_c581046 _d581046 |
||